|
|
|
|
| LEADER |
00000nam a2200000 a 4500 |
| 001 |
vtls010580233 |
| 003 |
SK-MaSNL |
| 005 |
20260301230255.0 |
| 008 |
240318s1949 xo e 000 0 slo |
| 015 |
|
|
|a SNBA1949
|
| 040 |
|
|
|a SNK
|b slo
|c SNK
|e AACR2
|
| 041 |
0 |
|
|a slo
|
| 044 |
|
|
|a xo
|c SK
|
| 080 |
|
|
|a 581.1/.2
|2 1981
|
| 080 |
|
|
|a 581.6
|2 1981
|
| 080 |
|
|
|a (075.8)
|2 1981
|
| 100 |
1 |
|
|a Dérer, Ladislav,
|d 1898-1971
|4 aut
|9 49106
|
| 245 |
1 |
0 |
|a Anatomie dreva
|b prednášky v študijnom roku 1949-50
|c Ladislav Dérer
|
| 260 |
|
|
|a [Zvolen]
|b ČSM Fakultná skupina lesníckeho drevárskeho inžinierstva
|c [po r. 1949]
|
| 300 |
|
|
|a 69, 8 s.
|c 4°
|
| 648 |
|
7 |
|a 1949-1950
|2 SNK
|9 308694
|
| 650 |
0 |
7 |
|a anatómia
|2 SNKPH
|9 695
|
| 650 |
0 |
7 |
|a drevo
|2 SNKPH
|9 3560
|
| 655 |
|
7 |
|a učebnice vysokých škôl
|2 SNKPH
|9 70191
|
| 958 |
|
|
|a OND
|
| 958 |
|
|
|a TL
|
| 958 |
|
|
|a UV
|
| 999 |
|
|
|c 954169
|d 956099
|
| 952 |
|
|
|a SNK
|b SNK
|y PREZ
|7 0
|p 17A0779111
|o snkSB 36524
|0 0
|1 0
|4 0
|d 2014-03-05
|f 1
|l 0
|r 2025-04-15 00:00:00
|w 2026-02-24
|